00569nam a22001697a 450000500170000001000130001702000260003003500130005603700210006908200180009010000220010824501110013026000350024127000590027630000220033550000420035720120727110030.0 aB-477227 a9789380164557c895.00 aB-477227 adplbK.K.Pub/Ven a333.927095416 aFirdaus, Ghuncha. aSustainable development of delhi : problems and prospectus;ba geographical approach /cby Ghuncha Firadus aDelhibA.K. Publicationsc2012 aB-60,E-1, gali no.14, Jagat Puri, Extn.bDelhie110093 a255 p.c21 cm(Hb) ait includes bibliographical refrences